000 00458nam a22001577a 4500
003 SGT
020 _a9789390735310
082 _a352.054
_bCHA
100 _aCHATTERJEE ISHITA
245 _aLOCAL SELF GOVERNMENT
250 _a1
260 _aPRAYAGRAJ
_bCENTRAL LAW PUBLICATION
_c2022
300 _a430
653 _aGRAM SWARAJ ,GRAM , PANCHAYATI RAJ , ZILA PARISHAD ,URBAN LOCAL GOVERNMENT ,MUNICIPAL CORPORATION ,RURAL DEVELOPMENT ,
942 _2ddc
_cBK
999 _c27959
_d27959